Представление документа в формате RUSMARC

ПолеНазваниеЗначение
  Тип записи a
  Библиографический уровень m
001 Контрольный номер 0800aa38dcea471c9ac2ffe65a1d208f
005 Дата корректировки 20140617183327.9
010 Индекс ISBN __
a ISBN 978-5-8354-0771-2
d Цена 184.00
101 Язык документа __
a Язык текста rus
102 Страна публикации __
a Страна публикации RU
200 Заглавие и сведения об ответственности __
a Заглавие Правовое регулирование оборота персональных данных: Теория и практика
b Общее обозначение материала Текст
f Первые сведения об ответственности Н. И. Петрыкина
210 Выходные данные __
d Дата издания 2011
c Издательство Статут
a Место издания М.
215 Физическое описание __
a Объем с. 131, [3]
610 Ключевые слова __
a Ключевые слова персональные данные
610 Ключевые слова __
a Ключевые слова обработка персональных данных
610 Ключевые слова __
a Ключевые слова конфиденциальность персональных данных
610 Ключевые слова __
a Ключевые слова частная жизнь
610 Ключевые слова __
a Ключевые слова защита персональных данных
686 Индексы других классификаций __
a Классификационный индекс 67.620.3
2 Код системы rubbk
686 Индексы других классификаций __
a Классификационный индекс 67.400.7
2 Код системы rubbk
700 Автор __
a Фамилия Петрыкина
b Имя Н.И.
g Полное личное имя Наталья Ивановна
801 Источник записи _0
a Страна RU
b Организация РУК
c Дата составления 20140116
g Правила каталогизации PSBO
801 Источник записи _1
a Страна RU
b Организация РУК
c Дата составления 20140116
g Правила каталогизации PSBO
852 Данные о местонахождении __
i Авторский знак П 31
901 Тип документа __
t Тип документа m
938 Служебная информация __
a Название организации Головной вуз
b Имя БД BOOK
c Название АИБС АИБС ИРБИС